000 003510000a22000970004500
100 1 _aMiller, Dave
245 1 0 _aThe Jesus option : Sensing a "great vacuum" in Latin universities, student leaders say now's time for campus evangelism
300 _aVol. 71, Num. 4 (Octubre-Diciembre, 1991), Página 15
773 0 _tLatin America Evangelist
942 _cANA
999 _c54612
_d54612